000 00597nam a2200181Ia 4500
008 090124s9999 xx 000 0 und d
082 _b117963
100 _aलळिंगकर योगिनी
245 _a उगवला चंद्र पुनवेचा
250 _a1
260 _c1979
300 _a122
600 _aलळिंगकर योगिनी
630 _a उगवला चंद्र पुनवेचा
700 _aलळिंगकर योगिनी
730 _a उगवला चंद्र पुनवेचा
942 _cBOOK
999 _c164050
_d164050